| 000 | 00779cam a2200145 4500500 | ||
|---|---|---|---|
| 005 | 20251228053357.0 | ||
| 041 | _afre | ||
| 042 | _adc | ||
| 100 | 1 | 0 |
_aDurand, Stéphane _eauthor |
| 245 | 0 | 0 | _aRené Plessix et Jean-Pierre Poussou, (dir.), Les Petites villes du xviie au xixe siècle. Aspects du paysage et de la société. Actes du colloque de Mamers, organisé en décembre 1998 par la Société d’Histoire des Petites Villes, Paris, Presses de l’Université Paris-Sorbonne, 2005, 272 p., 30 €, isbn 2840503824 |
| 260 | _c2005. | ||
| 500 | _a6 | ||
| 786 | 0 | _nHistoire & Sociétés Rurales | 24 | 2 | 2005-10-01 | p. 171v-276v | 1254-728X | |
| 856 | 4 | 1 | _uhttps://shs.cairn.info/revue-histoire-et-societes-rurales-2005-2-page-171v?lang=fr&redirect-ssocas=7080 |
| 999 |
_c1585291 _d1585291 |
||